000 00583nam a2200229Ia 4500
003 OSt
005 20220918200314.0
006 a|||||r|||| 00| 0
007 ta
008 220917b |||||||| |||| 00| 0 eng d
024 _a88,249
037 _cTextual
040 _aARTS
_cARTS
_beng
041 _2eng
_aeng
082 _aU:6-191:N5, J8
100 _aJoy C R
_993507
245 0 _aLight in the dark forest
_b people on the African equator
260 _c1958
650 _aGEOGRAPHY
942 _hU:6-191:N5, J8
_cTEXL
_2CC
999 _c211939
_d211939